000
00301nam a22001337a 4500
008
170412b xxu||||| |||| 00| 0 eng d
020
_a
9781564581822
041
_a
eng
080
_a
618
100
_a
10
101
_a
SHM
245
_a
CONCEPTION PREGNANCY AND BIRTH
_c
STOPPARD.M
942
_2
udc
_c
BK
999
_c
10481
_d
10481